00385nam a2200097Ia 45000010005000000080041000050820022000461000047000682450124001152600048002393098241024s9999 xx 000 0 und d aRD/610/R426i/2010 aRepública Dominicana.Cámara de cuentas 0aInforme final de auditoría financiera y de gestión. Administradora de riegos de salud para los maestros (ARS-SEMMA) bSanto Domingo, República Dominicanac2010